[Event "Mumbai Wealth U13 op 5th"]
[Site "Mumbai"]
[Date "2020.01.06"]
[Round "8"]
[White "Lohakare, Pratham"]
[Black "Bajaj, Prakhar"]
[Result "0-1"]
[WhiteElo "1394"]
[BlackElo "1779"]
[PlyCount "94"]
[EventDate "2019.12.30"]
[EventType "swiss"]
[EventRounds "9"]
[EventCountry "IND"]
[SourceTitle "CBM 194 Extra"]
[Source "ChessBase"]
[SourceDate "2020.03.31"]
[SourceVersion "1"]
[SourceVersionDate "2020.03.31"]
[SourceQuality "1"]

1. d4 Nf6 2. c4 g6 3. Nc3 Bg7 4. e4 d6 5. f3 0-0 6. Be3 e5 7. Nge2 exd4 8. Nxd4 Nbd7 9. Qd2 Ne5 10. Be2 Be6 11. b3 Nc6 12. 0-0-0 a5 13. g4 Nd7 14. a4 Nc5 15. Kc2 Nb4+ 16. Kb2 Re8 17. h4 c6 18. Nxe6 Nxe6 19. Qxd6 Qf6 20. Qd2 b5 21. g5 Qe5 22. f4 Qxe4 23. cxb5 Nd5 24. Kc1 Bxc3 25. Qd3 Qxe3+ 26. Qxe3 Nxe3 27. Rd3 Nxf4 28. Rxc3 Nxe2+ 29. Kd2 Nxc3 30. Kxc3 cxb5 31. axb5 Rab8 32. b4 Nd5+ 33. Kc4 Nxb4 34. h5 Rec8+ 35. Kd4 Rxb5 36. hxg6 hxg6 37. Rg1 Nc2+ 38. Kd3 a4 39. Rc1 Nb4+ 40. Kd2 Rd5+ 41. Ke2 Rxc1 42. Ke3 Rd3+ 43. Ke4 Rc4+ 44. Ke5 Rd5+ 45. Kf6 Rf4+ 46. Ke7 Nc6+ 47. Ke8 Rd8# 0-1

[Event "Mumbai Wealth U13 op 5th"]
[Site "Mumbai"]
[Date "2020.01.04"]
[Round "6"]
[White "Lohakare, Pratham"]
[Black "Manasa"]
[Result "1-0"]
[WhiteElo "1394"]
[BlackElo "1234"]
[PlyCount "77"]
[EventDate "2019.12.30"]
[EventType "swiss"]
[EventRounds "9"]
[EventCountry "IND"]
[SourceTitle "CBM 194 Extra"]
[Source "ChessBase"]
[SourceDate "2020.03.31"]
[SourceVersion "1"]
[SourceVersionDate "2020.03.31"]
[SourceQuality "1"]

1. d4 Nf6 2. c4 e6 3. Nf3 d5 4. Bg5 Nbd7 5. Nc3 c6 6. e3 Be7 7. cxd5 exd5 8. Bd3 h6 9. Bf4 0-0 10. Rc1 Re8 11. 0-0 a6 12. Qc2 Nf8 13. Ne5 Bd6 14. Qd1 Qc7 15. Bg3 N8d7 16. f4 Nb6 17. Qf3 Be6 18. Bh4 Be7 19. h3 Rad8 20. Bg3 Bd6 21. Be1 c5 22. dxc5 Bxc5 23. Ne2 Qe7 24. Ba5 Qd6 25. a3 Na4 26. Bxd8 Rxd8 27. b4 Ba7 28. Nd4 Bxd4 29. exd4 Qb6 30. Qe3 Nb2 31. Be2 Ne4 32. Rc2 Na4 33. f5 Bc8 34. Bd3 Nd6 35. f6 g5 36. h4 gxh4 37. Qxh6 Qxd4+ 38. Kh1 Nf5 39. Bxf5 1-0

[Event "Mumbai Wealth U13 op 5th"]
[Site "Mumbai"]
[Date "2020.01.03"]
[Round "5"]
[White "Madhav, Menon"]
[Black "Lohakare, Pratham"]
[Result "0-1"]
[WhiteElo "1116"]
[BlackElo "1394"]
[PlyCount "116"]
[EventDate "2019.12.30"]
[EventType "swiss"]
[EventRounds "9"]
[EventCountry "IND"]
[SourceTitle "CBM 194 Extra"]
[Source "ChessBase"]
[SourceDate "2020.03.31"]
[SourceVersion "1"]
[SourceVersionDate "2020.03.31"]
[SourceQuality "1"]

1. d4 Nf6 2. Nf3 e6 3. e3 b6 4. Bd3 Bb7 5. b3 Be7 6. 0-0 0-0 7. Bb2 d6 8. Nbd2 Nbd7 9. e4 Nh5 10. g3 f5 11. exf5 exf5 12. Nh4 Nf4 13. Nhf3 Nxd3 14. cxd3 g5 15. h3 Qe8 16. Re1 h6 17. Qc2 Rc8 18. Re6 Bd5 19. Re2 Qf7 20. Nh2 Bd8 21. Nc4 g4 22. Nxd6 Qh5 23. h4 Bf3 24. Re3 Rb8 25. Nc4 Bb7 26. Ne5 Nf6 27. Nc6 Ra8 28. Nxd8 Raxd8 29. Qxc7 Rd7 30. Qc3 Nd5 31. Qe1 Nxe3 32. Qxe3 Re8 33. Qd2 Rde7 34. Qb4 Re2 35. Bc3 Qf7 36. Qc4 Bd5 37. Qb5 Qb7 38. Nf1 Bh1 39. Qc4+ Kh7 40. d5 Bxd5 41. Qf4 Rf8 42. Bd2 Rf6 43. Rc1 Re7 44. Ne3 Bh1 45. Kf1 Qa6 46. Qd4 Rff7 47. h5 Rd7 48. Qc4 b5 49. Qf4 Rxd3 50. Rc2 Be4 51. Nxg4 Rdd7 52. Rb2 Bd3+ 53. Kg1 fxg4 54. Qxg4 Qf6 55. Bc1 Rc7 56. Qd1 Qf3 57. Qd2 Rf6 58. Kh2 Be4 0-1

[Event "Mumbai Wealth U13 op 5th"]
[Site "Mumbai"]
[Date "2019.12.31"]
[Round "2"]
[White "Lohakare, Pratham"]
[Black "Nikhil, Magizhnan"]
[Result "1-0"]
[WhiteElo "1394"]
[BlackElo "2077"]
[PlyCount "63"]
[EventDate "2019.12.30"]
[EventType "swiss"]
[EventRounds "9"]
[EventCountry "IND"]
[SourceTitle "CBM 194 Extra"]
[Source "ChessBase"]
[SourceDate "2020.03.31"]
[SourceVersion "1"]
[SourceVersionDate "2020.03.31"]
[SourceQuality "1"]

1. d4 Nf6 2. c4 e6 3. Nf3 d5 4. Nc3 Bb4 5. Bg5 0-0 6. e3 Nbd7 7. Rc1 h6 8. Bh4 c6 9. cxd5 exd5 10. Bd3 Re8 11. 0-0 Qa5 12. Nd2 Bxc3 13. Rxc3 Qxa2 14. b4 Nh7 15. Nb1 b5 16. Na3 a5 17. Bb1 axb4 18. Bxa2 bxc3 19. Qb3 Ra4 20. Bb1 Nhf6 21. Rc1 Bb7 22. Bxf6 Nxf6 23. Nc2 Rea8 24. Qxc3 Ne4 25. Qe1 Rc4 26. Nb4 c5 27. Rxc4 bxc4 28. f3 cxb4 29. Qxb4 Bc8 30. fxe4 Ra1 31. Qb8 Kh7 32. Kf2 1-0

[Event "India rating op"]
[Site "India"]
[Date "2019.02.03"]
[Round "1"]
[White "Lohakare, Pratham"]
[Black "Bartakke, Amardeep S"]
[Result "0-1"]
[WhiteElo "1112"]
[BlackElo "2134"]
[PlyCount "78"]
[EventDate "2019.02.03"]
[EventType "swiss"]
[EventRounds "11"]
[EventCountry "IND"]
[SourceTitle "EXT 2021"]
[Source "ChessBase"]
[SourceDate "2020.10.23"]
[SourceVersion "1"]
[SourceVersionDate "2020.10.23"]
[SourceQuality "1"]

1. d4 d5 2. c4 c6 3. Nc3 Nf6 4. e3 e6 5. Nf3 Be7 6. Bd3 0-0 7. 0-0 dxc4 8. Bxc4 b5 9. Bd3 a6 10. e4 c5 11. d5 exd5 12. exd5 Bb7 13. Bg5 b4 14. Ne4 Nxd5 15. Bxe7 Qxe7 16. Re1 Qc7 17. Rc1 Nd7 18. Nfg5 h6 19. Nf3 N5f6 20. Nxf6+ Nxf6 21. h3 Rad8 22. Nh2 Qc6 23. f3 Qd6 24. Re3 Qd4 25. Qe2 Nd5 26. Kf1 Nxe3+ 27. Ke1 Qxd3 28. Qxd3 Rxd3 29. Ke2 Rfd8 30. b3 Nxg2 31. Rg1 Nf4+ 32. Kf1 Rd1+ 33. Kf2 Nxh3+ 34. Kg3 Rxg1+ 35. Kxh3 Bc8+ 36. Kh4 Rd4+ 37. Ng4 Rdxg4+ 38. fxg4 Bxg4 39. a4 g5# 0-1